<?xml version="1.0" encoding="UTF-8"?>
<collection xmlns="http://www.loc.gov/MARC21/slim">
 <record>
  <leader>01774nam a2200217Ia 4500</leader>
  <controlfield tag="001">CTU_157766</controlfield>
  <controlfield tag="008">210402s9999    xx            000 0 und d</controlfield>
  <datafield tag="020" ind1=" " ind2=" ">
   <subfield code="c">70.36</subfield>
  </datafield>
  <datafield tag="082" ind1=" " ind2=" ">
   <subfield code="a">621.3815</subfield>
  </datafield>
  <datafield tag="082" ind1=" " ind2=" ">
   <subfield code="b">F949</subfield>
  </datafield>
  <datafield tag="100" ind1=" " ind2=" ">
   <subfield code="a">Fujita, Masahiro</subfield>
  </datafield>
  <datafield tag="245" ind1=" " ind2="0">
   <subfield code="a">Verification techniques for system-level design</subfield>
  </datafield>
  <datafield tag="245" ind1=" " ind2="0">
   <subfield code="c">Masahiro Fujita, Indradeep Ghosh, Mukul Prasad</subfield>
  </datafield>
  <datafield tag="260" ind1=" " ind2=" ">
   <subfield code="a">Amsterdam</subfield>
  </datafield>
  <datafield tag="260" ind1=" " ind2=" ">
   <subfield code="b">Morgan Kaufmann Publishers</subfield>
  </datafield>
  <datafield tag="260" ind1=" " ind2=" ">
   <subfield code="c">2008</subfield>
  </datafield>
  <datafield tag="520" ind1=" " ind2=" ">
   <subfield code="a">This book will explain how to verify SoC logic designs using &quot;formal&quot; and &quot;semi-formal&quot; verification techniques. The critical issue to be addressed is whether the functionality of the design is the one that the designers intended. Simulation has been used for checking the correctness of SoC designs (as in &quot;functional&quot; verification), but many subtle design errors cannot be caught by simulation. Recently, formal verification, giving mathematical proof of the correctness of designs, has been getting much more attention. So far, most of the books on formal verification target the register transfer level (RTL) or lower levels of design. For higher design productivity, it is essential to debug designs as early as possible. That is, designs should be completely verified at very abstracted design levels (higher than RTL). This book covers all aspects of high-level formal and semi-formal verification techniques for system level designs.</subfield>
  </datafield>
  <datafield tag="650" ind1=" " ind2=" ">
   <subfield code="a">Integrated circuits,Formal methods (Computer science),Mạch tích hợp,Phương pháp hình thức (Khoa học máy tính),Systems on a chip,Hệ thống trên một chip</subfield>
  </datafield>
  <datafield tag="650" ind1=" " ind2=" ">
   <subfield code="x">Verification,Mã xác nhận,Testing,Thử nghiệm</subfield>
  </datafield>
  <datafield tag="904" ind1=" " ind2=" ">
   <subfield code="i">Trọng Hải</subfield>
  </datafield>
  <datafield tag="980" ind1=" " ind2=" ">
   <subfield code="a">Trung tâm Học liệu Trường Đại học Cần Thơ</subfield>
  </datafield>
 </record>
</collection>
